Un siècle de construction du discours scientifique en préhistoire : congrès du centenaire de la Société préhistorique française, Avignon, 21-25 septembre 2004 : actes /
Saved in:
| Corporate Authors: | , |
|---|---|
| Other Authors: | , |
| Format: | Book |
| Language: | French |
| Published: |
Paris :
Société préhistorique française,
[2007]
|
| Subjects: | |
| Tags: |
Add Tag
No Tags, Be the first to tag this record!
|
| LEADER | 01430cam a2200337 a 4500 | ||
|---|---|---|---|
| 001 | 011369949-2 | ||
| 005 | 20091030093611.0 | ||
| 008 | 070827s2007 fr ab b 000 0 fre c | ||
| 020 | |a 9782913745315 (pbk.) | ||
| 020 | |a 2913745318 (pbk.) | ||
| 035 | 0 | |a ocn213259950 | |
| 040 | |a YUS |c YUS |d TOZ | ||
| 041 | 0 | |a fre |b eng |b fre | |
| 042 | |a pcc | ||
| 050 | 4 | |a GN701 |b .C654 2004 | |
| 111 | 2 | |a Congrès préhistorique de France |n (26th : |d 2004 : |c Avignon) | |
| 245 | 1 | 3 | |a Un siècle de construction du discours scientifique en préhistoire : |b congrès du centenaire de la Société préhistorique française, Avignon, 21-25 septembre 2004 : actes / |c publiés sous la direction de Jacques Evin ; responsable éditoriale Emmanuelle Thauvin-Boulestin. |
| 260 | |a Paris : |b Société préhistorique française, |c [2007] | ||
| 300 | |a 3 v. : |b ill., maps ; |c 30 cm. | ||
| 500 | |a At head of title: XXVIe Congrès préhistorique de France. | ||
| 546 | |a Summaries in English and French. | ||
| 504 | |a Includes bibliographical references. | ||
| 505 | 0 | 0 | |g v. 1-2. |t Des idées d'hier-- -- |g v. 3. |t --Aux conceptions d'aujourd'hui. |
| 650 | 0 | |a Prehistoric peoples |v Congresses. | |
| 650 | 0 | |a Antiquities, Prehistoric |v Congresses. | |
| 610 | 2 | 0 | |a Société préhistorique française. |
| 700 | 1 | |a Evin, Jacques. | |
| 700 | 1 | |a Thauvin-Boulestin, Emmanuelle. | |
| 710 | 2 | |a Société préhistorique française. | |
| 988 | |a 20080124 | ||
| 906 | |0 OCLC | ||


